Κατάλογος Βιβλιοθηκών Mediterranean College

Ιδιωτική Οικονομική (Record no. 2155)

MARC details
000 -LEADER
fixed length control field 01986cam a22001934a 4500
005 - ΗΜΕΡΟΜΗΝΙΑ ΚΑΙ ΩΡΑ ΤΕΛΕΥΤΑΙΑΣ ΕΝΗΜΕΡΩΣΗΣ
Πεδίο ελέγχου 20250605164032.0
008 - FIXED-LENGTH DATA ELEMENTS--GENERAL INFORMATION
Πεδίο ελέγχου σταθερού μήκους 250528s ||||||||||||||||||||||||d
035 ## - SYSTEM CONTROL NUMBER
System control number 16680
020 ## - ISBN
ISBN 9603510971
040 ## - ΠΗΓΗ ΚΑΤΑΛΟΓΟΓΡΑΦΗΣΗΣ
Φορέας πρωτότυπης καταλογογράφησης MC Athens Campus Library
Γλώσσα καταλογογράφησης Ελληνικά, Μοντέρνα (1453-)
Modifying agency MC Athens Campus Library
Κανόνες περιγραφικής καταλογογράφησης AACR2
245 1# - ΤΙΤΛΟΣ ΚΑΙ ΔΗΛΩΣΗ ΥΠΕΥΘΥΝΟΤΗΤΑΣ
Τίτλος Ιδιωτική Οικονομική
260 ## - PUBLICATION, DISTRIBUTION, ETC.
Name of publisher, distributor, etc. Σταμούλης Α,
Date of publication, distribution, etc. 1996
300 ## - PHYSICAL DESCRIPTION
Extent 400
520 ## - SUMMARY, ETC.
Summary, etc. Πρόλογος, Αντικείμενο της Ιδιωτικής Οικονομικής, Εσωτερική και Εξωτερική Χρηματοδότηση της Επιχείρησης, Η Ρευστότητα των Επιχειρήσεων, Δείκτες Διάρθρωσης Κεφαλαίου και Δραστηριότητας και Αποδοτικότητας Κεφαλαίου, Διάρθρωση της Αγοράς και Θεωρία Τιμών, Τεχνικές Αριστοποίησης, Χρηματοοικονομικός Προγραμματισμός της Επιχείρησης, Τεχνικές των Προγνώσεων, Ανάλυση Κινδύνου Επιχειρήσεων, Θεωρία Ζήτησης, Το Νεκρό Σημείο της Δραστηριότητας της Επιχείρησης, Το Ταμιακό Πρόγραμμα σε Συνδυασμό με τα άλλα Βραχυχρόνια Προγράμματα της Επιχείρησης, Θεωρίας Κόστους, Έννοια και Προσδιοριστικοί Παράγοντες Αύξησης της Παραγωγικότητας - Οικονομικότητα και Αποδοτικότητα, Χρηματιστήριο και Χρηματιστιριακές Συναλλαγές, Προγραμματισμός - Εναλλακτικές Στρατηγικές, Γραμμικός Προγραμματισμός, Θεωρία Παραγωγής, Βιβλιογραφία.
700 1# - ΠΡΟΣΘΕΤΗ ΑΝΑΓΡΑΦΗ--ΦΥΣΙΚΟ ΠΡΟΣΩΠΟ
Personal name Κιόχος Πέτρος Απ
9 (RLIN) 2769
942 ## - ADDED ENTRY ELEMENTS (KOHA)
Koha item type Books
Holdings
Τύπος τεκμηρίου Βιβλιοθήκη Τρέχουσα τοποθεσία Barcode Αριθμός εισαγωγής Ημερομηνία απόκτησης Ταξιθετικό σύμβολο Αριθμός αντιτύπου Κατάσταση απόσυρσης Κατάσταση χαμένου Κατάσταση κατεστραμμένου Μη δανεισμός Σύνολο δανεισμών Ημερομηνία τελευταίας εμφάνισης Η τιμή ισχύει από
Books MC Athens Campus Library MC Athens Campus Library 9780000021540 4884 05/06/2025 332 KIO 1           05/06/2025 05/06/2025

MC Athens Campus Library
Πατησίων 94 & Κοδριγκτώνος 13, 104 34
Πελλήνης 8 & Πατησίων 107, 112 51
Τ: +30 210 8899600

MC Thessaloniki Campus Library
Ίωνος Δραγούμη 21, 54625 | Ίωνος Δραγούμη 15, 54625
Τ: +30 2310 287779 – Τ: +30 2314 440300